Statistiques concernant Effectif du Rugby Club Toulonnais - Saison 2022-2023

Cliquez ici pour prendre le quiz!

Statistiques générales

  • Ce quiz a été pris 229 fois
  • Le résultat moyen est 20 sur 40

Statistiques - réponses

IndiceRéponse% Correct
Demi de mêlée - FranceBaptiste Serin
92%
Troisième ligne - FranceCharles Ollivon
83%
Pilier - FranceJean-Baptiste Gros
80%
Troisième ligne - ItalieSergio Parisse
76%
Trois-quarts aile - Afrique du SudCheslin Kolbe
74%
Arrière - FranceAymeric Luc
70%
Troisième ligne - ArgentineFacundo Isa
70%
Demi d'ouverture - Nouvelle-ZélandeIhaia West
70%
Trois-quarts aile - FranceGabin Villière
69%
Talonneur - FranceChristopher Tolofua
64%
Pilier - FranceDany Priso
64%
Pilier - GéorgieBeka Gigashvili
63%
Trois-quarts aile - FidjiJiuta Wainiqolo
63%
Talonneur - FranceAnthony Etrillard
62%
Trois-quarts centre - FranceRayan Rebbadj
60%
Deuxième ligne - FranceSwan Rebbadj
60%
Talonneur - FranceTeddy Baubigny
55%
Pilier - AngleterreKieran Brookes
52%
Trois-quarts centre - FidjiWaisea Nayacalevu
49%
Trois-quarts centre - FranceJérémy Sinzelle
48%
Demi de mêlée - FranceJules Danglot
48%
Demi de mêlée - FranceBenoît Paillaugue
45%
Arrière - FranceGervais Cordin
44%
Troisième ligne - EcosseCornell Du Preez
42%
Arrière - FranceThomas Salles
42%
Pilier - FranceBruce Devaux
41%
Trois-quarts centre - SamoaDuncan Paia'aua
41%
Demi d'ouverture - FranceMathieu Smaïli
38%
Deuxième ligne - Nouvelle-ZélandeBrian Alainu'uese
37%
Pilier - FranceEmerick Setiano
36%
Pilier - FranceFlorian Fresia
35%
Troisième ligne - FranceRaphaël Lakafia
31%
Deuxième ligne - FranceMathieu Tanguy
30%
Deuxième ligne - FranceAdrien Warion
26%
Trois-quarts centre - FranceMaëlan Rabut
25%
Deuxième ligne - TongaSitaleki Timani
25%
Troisième ligne - FranceJules Coulon
24%
Demi de mêlée - FranceJulien Blanc
24%
Trois-quarts centre - FranceAtila Septar
17%
Trois-quarts aile - FranceKalani Robert
8%

Distribution des résultats

Percentile par nombre de réponses

% des personnes avec chaque résultat

Votre développement - résultats

Vous n’avez pas pris ce quiz